Inventarizácia majetku, záväzkov a rozdielu majetku a záväzkov

Inventarizácia je vzhľadom na svoj účel a význam jednou z najdôležitejších častí uzávierkových prác. Bez vykonania inventarizácie by účtovníctvo nespĺňalo základnú požiadavku uvedenú v § 7 ods. 1 zákona č. 431/2002 Z. z. o účtovníctve v z. n. p., t. j. účtovná závierka neposkytne verný a pravdivý ob...

Description complète

Enregistré dans:
Détails bibliographiques
Auteur principal: Gášpárová, Eva
Format: Chapitre de livre
Langue:slovaque
Sujets:
Tags: Ajouter un tag
Pas de tags, Soyez le premier à ajouter un tag!

MARC

LEADER 00000naa a2200000 4500
001 0260553
005 20221104110817.1
041 0 |a slo 
044 |a SK 
245 1 0 |a Inventarizácia majetku, záväzkov a rozdielu majetku a záväzkov  |c Eva Gášpárová 
520 |a Inventarizácia je vzhľadom na svoj účel a význam jednou z najdôležitejších častí uzávierkových prác. Bez vykonania inventarizácie by účtovníctvo nespĺňalo základnú požiadavku uvedenú v § 7 ods. 1 zákona č. 431/2002 Z. z. o účtovníctve v z. n. p., t. j. účtovná závierka neposkytne verný a pravdivý obraz o skutočnostiach, ktoré sú predmetom účtovníctva a o finančnej situácii účtovnej jednotky. 
610 2 0 |a účtovníctvo podvojné 
610 2 0 |a majetok 
610 2 0 |a záväzky 
610 2 0 |a inventarizácia 
610 2 0 |a jednotka účtovná 
100 1 |a Gášpárová, Eva